000 00772nam a2200205Ii 4500
003 JO-AjNU
008 230605s9999||||xx |||||||||||||| ||und||
040 _aJO-AjNU
_bara
_erda
_cJO-AjNU
041 _aara
050 1 4 _aDS99.H29.S33 2003
100 3 _aسعد الدين، عدنان,
_eauthor
_917609
245 0 0 _aمملكة حماة الأيوبية في مواجهة الحملات الصليبية والزحوف المغولية
250 _aط1
264 3 1 _aد.م: د.ن، 2003
300 _a216ص
336 _atext
_btxt
_2rdacontent
337 _aunmediated
_bn
_2rdamedia
338 _avolume
_bnc
_2rdacarrier
650 4 _aالحروب الصليبية - بلاد الشام - تاريخ - حماة(سوريا )- العصر الايوبي 1171-1250
_917610
999 _aA5474
_c9042
_d9042